000 00344nam a22001457a 4500
008 240318b ||||| |||| 00| 0 eng d
020 _a9780226482316
041 _aeng
080 _21992
_a101
082 _a101LIN
100 _a44
101 _aFILOZOFI
245 _aTHE BEGINNINGS OF WESTERN SCIENCE
_cDAVID .C.LINDBERG
942 _2udc
_cBK
999 _c60616
_d60616